Veľkolepé plány na Záhorí mali deravé základy

Autori projektu priemyselného parku Záhorie (Euro-valley) zabudli na ministerstvo životného prostredia, ktoré tiež malo do projektu čo povedať. Ministerstvo pôvodný zámer investorov neodporučilo. Priemyselný park totiž podľa pôvodných plánov by mal nepriaznivý dosah na životné prostredie. Kompromisn...

Descrizione completa

Salvato in:
Dettagli Bibliografici
Autore principale: Začková, Katarína
Natura: Capitolo di libro
Lingua:slovacco
Soggetti:
Tags: Aggiungi Tag
Nessun Tag, puoi essere il primo ad aggiungerne!!

MARC

LEADER 00000naa a2200000 4500
001 r046721
005 20230921113657.0
041 0 |a slo 
044 |a SK 
245 1 0 |a Veľkolepé plány na Záhorí mali deravé základy  |c Katarína Začková 
520 |a Autori projektu priemyselného parku Záhorie (Euro-valley) zabudli na ministerstvo životného prostredia, ktoré tiež malo do projektu čo povedať. Ministerstvo pôvodný zámer investorov neodporučilo. Priemyselný park totiž podľa pôvodných plánov by mal nepriaznivý dosah na životné prostredie. Kompromisné riešenie. 
610 2 0 |a parky priemyselné 
610 2 0 |a prostredie životné 
610 2 0 |a ochrana prostredia životného 
610 2 0 |a Záhorie 
100 1 |a Začková, Katarína